| 000 | 00844cam a22002055a 4500 | ||
|---|---|---|---|
| 001 | L151907 | ||
| 008 | 101220s2010 xxk f 000 0 eng d | ||
| 035 | _a(Sirsi) u151907 | ||
| 041 | 0 | _aeng | |
| 110 | 2 |
_aUnited Kingdom Parliament _bHouse of Lords _93232 |
|
| 245 | 0 | 0 |
_aBill documents _bEnergy Bill, explanatory notes[HL] 2010-11 _h[electronic resource] |
| 260 |
_aLondon _bHouse of Lords _c2010 |
||
| 490 | 0 |
_aHouse of Lords Bill _v33 EN 2010-11 |
|
| 520 | _aExplanatory notes for the Energy Bill as introduced in the House of Lords on 8 December 2010. | ||
| 650 | 2 | 4 | _aENERGY EFFICIENCY BILL |
| 651 | 4 |
_aEngland _y886- |
|
| 690 | _aENVIRONMENTAL AND LAND CONSULTANCY-ENERGY | ||
| 856 | 4 | 0 |
_uhttps://www.publications.parliament.uk/pa/ld201011/ldbills/033/en/2011033en.html _zView the item free of charge at: www.parliament.uk |
| 942 | _n0 | ||
| 999 |
_c111724 _d111724 |
||